| 000 | 00608nam a2200193 4500 | ||
|---|---|---|---|
| 999 |
_c163848 _d163848 |
||
| 005 | 20190502112142.0 | ||
| 010 | _aA-896935 | ||
| 035 | _aA-896935 | ||
| 037 | _bDBAD/PUB | ||
| 082 | _a320.954 | ||
| 100 | _aSubramaniam,Chitra | ||
| 245 |
_aIndia is for sale/ _cby Chitra,Subramaniam |
||
| 260 |
_aNew Delhi _bUBS Publishers' Distributors Ltd. _c1997 |
||
| 270 |
_a5 Ansari road , _bNew Delhi _e110002 _k3273601 _mubspd.del@smy.sprintrpg.ems.vsnl.net.in |
||
| 300 |
_a219p. _c21cms(hbk) |
||
| 500 | _aIt includes index | ||
| 942 |
_2ddc _cEN _h320.954 _mSUB |
||